[Event "Quebec op"]
[Site "Montreal CAN"]
[Date "2012.07.24"]
[Round "5"]
[White "Vera, Reynaldo"]
[Black "Calugar, Arthur"]
[Result "1-0"]
[WhiteElo "2489"]
[BlackElo "2273"]
[PlyCount "105"]
[GameId "2160767909442086"]
[EventDate "2012.07.21"]
[EventType "swiss"]
[EventRounds "9"]
[EventCountry "CAN"]
[SourceTitle "CBM 149 Extra"]
[Source "ChessBase"]
[SourceDate "2012.08.24"]
[SourceVersion "1"]
[SourceVersionDate "2012.08.24"]
[SourceQuality "1"]

1. d4 Nf6 2. c4 g6 3. Nc3 d5 4. Nf3 Bg7 5. Bf4 O-O 6. e3 c5 7. dxc5 Qa5 8. Rc1 dxc4 9. Bxc4 Qxc5 10. Bb3 Nc6 11. O-O Qh5 12. h3 Bf5 13. Qe2 Ne4 14. g4 Bxg4 15. hxg4 Qxg4+ 16. Kh1 Bxc3 17. bxc3 Nd2 18. Qxd2 Qxf3+ 19. Kh2 Rad8 20. Qe1 Ne5 21. Bxe5 Qh5+ 22. Kg2 Qxe5 23. Qe2 Rd6 24. Rfd1 Qg5+ 25. Kf1 Qh6 26. Ke1 Qh1+ 27. Qf1 Rxd1+ 28. Rxd1 Qc6 29. Qc4 Qh1+ 30. Ke2 Qh5+ 31. Kd2 Qf3 32. Qf4 Qc6 33. Kc2 b5 34. Qe5 e6 35. Rd6 Qb7 36. Qd4 a5 37. a3 Qf3 38. Qf4 Qb7 39. Kb2 h5 40. Qf6 b4 41. cxb4 axb4 42. a4 Qc7 43. Rd2 Ra8 44. f4 Rb8 45. Rc2 Qb6 46. e4 Qe3 47. f5 Qf4 48. Bxe6 fxe6 49. Rg2 Rb7 50. Qxg6+ Kf8 51. Qg8+ Ke7 52. Qxe6+ Kd8 53. Rg8+ 1-0

[Event "Quebec op"]
[Site "Montreal CAN"]
[Date "2012.07.24"]
[Round "5"]
[White "Wu, Qiyou"]
[Black "De Lagrave, Sylvain"]
[Result "1-0"]
[WhiteElo "2098"]
[BlackElo "1970"]
[PlyCount "127"]
[GameId "2160767909442087"]
[EventDate "2012.07.21"]
[EventType "swiss"]
[EventRounds "9"]
[EventCountry "CAN"]
[SourceTitle "hb 2012"]

1. e4 c5 2. Nf3 d6 3. Bb5+ Nd7 4. O-O Ngf6 5. Re1 a6 6. Bxd7+ Bxd7 7. d4 cxd4 8. Qxd4 Bc6 9. Nc3 e6 10. Bg5 Be7 11. Rad1 O-O 12. Bh4 Qa5 13. Qd2 Qh5 14. Qg5 Qxg5 15. Bxg5 b5 16. a3 Rac8 17. Nd4 Bb7 18. f3 h6 19. Bh4 Rfd8 20. Re2 g5 21. Bf2 Nd7 22. Nb3 Ne5 23. Na5 Ba8 24. Red2 Nc4 25. Nxc4 Rxc4 26. Bg3 d5 27. exd5 exd5 28. Nxd5 Bxd5 29. c3 Bc5+ 30. Kh1 Bxa3 31. bxa3 Rxc3 32. h3 Rxa3 33. Rxd5 Rxd5 34. Rxd5 b4 35. Rd2 a5 36. Be5 a4 37. Rb2 b3 38. Kh2 Ra1 39. Rxb3 Re1 40. Rb5 a3 41. Ra5 Re2 42. Bf6 a2 43. h4 gxh4 44. Bxh4 Kg7 45. Bg3 Rc2 46. Bf4 Kh7 47. Kh3 Re2 48. g3 Rc2 49. Ra6 f6 50. Kg4 Kg6 51. Kh3 Re2 52. g4 Kg7 53. Ra7+ Kg6 54. Bg3 h5 55. Bh4 hxg4+ 56. Kxg4 Rc2 57. Ra6 Rc4+ 58. f4 Rc2 59. Rxf6+ Kg7 60. Ra6 Kf7 61. Kg5 Rg2+ 62. Kf5 Kg8 63. Bg5 Rc2 64. Kg6 1-0

[Event "Quebec op"]
[Site "Montreal CAN"]
[Date "2012.07.24"]
[Round "5"]
[White "Xu, Haizhou"]
[Black "Enkh-Amar, Galbadrakh"]
[Result "1/2-1/2"]
[WhiteElo "2126"]
[BlackElo "2105"]
[PlyCount "119"]
[GameId "2160767909442088"]
[EventDate "2012.07.21"]
[EventType "swiss"]
[EventRounds "9"]
[EventCountry "CAN"]
[SourceTitle "EXT 2022"]
[Source "ChessBase"]
[SourceDate "2021.10.06"]
[SourceVersion "1"]
[SourceVersionDate "2021.10.06"]
[SourceQuality "1"]

1. e4 c5 2. Nf3 d6 3. d4 cxd4 4. Nxd4 Nf6 5. Nc3 a6 6. Bg5 e6 7. f4 Be7 8. Qf3 Qc7 9. O-O-O Nc6 10. Nxc6 Qxc6 11. Bd3 b5 12. Rhe1 Bb7 13. Qg3 b4 14. Bxf6 gxf6 15. Qg7 Kd7 16. Ne2 Raf8 17. Ng3 h5 18. e5 Ke8 19. exd6 Rfg8 20. Be4 Qd7 21. dxe7 Qxe7 22. Qxh8 Rxh8 23. Nf5 Qc7 24. Nd6+ Ke7 25. Bxb7 Rb8 26. Bxa6 Kf8 27. Be2 Rd8 28. Nc4 Qxf4+ 29. Nd2 Qxh2 30. Bf3 h4 31. Re4 Rb8 32. Nf1 Qc7 33. Rxh4 Ke7 34. Rhd4 Kf8 35. Kb1 Kg7 36. Bh5 Qc5 37. g4 Rc8 38. Ne3 Qe5 39. Nc4 Qe2 40. b3 Rc7 41. Kb2 Qf3 42. R4d3 Qc6 43. Rf1 e5 44. Rdf3 e4 45. Rxf6 Qxf6+ 46. Rxf6 Kxf6 47. Nd6 e3 48. Kc1 e2 49. g5+ Ke6 50. Bxe2 Kxd6 51. Kb2 Rc5 52. Bc4 Ke7 53. c3 bxc3+ 54. Kxc3 Rxg5 55. a4 f5 56. a5 Kd6 57. b4 f4 58. Kd4 f3 59. Ke3 Rg4 60. Bd3 1/2-1/2

[Event "Quebec op"]
[Site "Montreal CAN"]
[Date "2012.07.24"]
[Round "5"]
[White "Yu, Zong Yang"]
[Black "Lopez Linares, Lizandro"]
[Result "1-0"]
[WhiteElo "1943"]
[BlackElo "2090"]
[PlyCount "93"]
[GameId "2160767909442089"]
[EventDate "2012.07.21"]
[EventType "swiss"]
[EventRounds "9"]
[EventCountry "CAN"]
[SourceTitle "EXT 2022"]
[Source "ChessBase"]
[SourceDate "2021.10.06"]
[SourceVersion "1"]
[SourceVersionDate "2021.10.06"]
[SourceQuality "1"]

1. d4 e6 2. c4 c5 3. d5 exd5 4. cxd5 d6 5. Nc3 Nf6 6. Nf3 g6 7. Bf4 Bg7 8. Qa4+ Bd7 9. Qb3 Qc7 10. Bxd6 Qxd6 11. Qxb7 O-O 12. Qxa8 Qb6 13. Rb1 Na6 14. Qxf8+ Kxf8 15. Nd2 Nb4 16. Nc4 Qb8 17. Rd1 Nc2+ 18. Kd2 Nd4 19. e3 Bh6 20. Kc1 Ng4 21. Rd2 Nxh2 22. Bd3 Kg7 23. f3 Nhxf3 24. gxf3 Nxf3 25. Rf2 Ne5 26. Nxe5 Bxe3+ 27. Kb1 Qxe5 28. Re1 Qd4 29. Rf3 Qxd3+ 30. Ka1 Bf5 31. Rfxe3 Qd2 32. R3e2 Qd4 33. Rd1 Bd3 34. Re4 Qxe4 35. Nxe4 Bxe4 36. d6 Bc6 37. d7 Bxd7 38. Rxd7 h5 39. Kb1 h4 40. Kc2 g5 41. Kd3 Kg6 42. Ke3 f5 43. Kf3 Kf6 44. Rd5 c4 45. Rc5 h3 46. Rxc4 g4+ 47. Kf4 1-0

[Event "Quebec op"]
[Site "Montreal CAN"]
[Date "2012.07.25"]
[Round "6"]
[White "Abreu Cordero, Jose"]
[Black "Tessier, Olivier"]
[Result "0-1"]
[WhiteElo "2010"]
[BlackElo "2194"]
[PlyCount "106"]
[GameId "2160767909442090"]
[EventDate "2012.07.21"]
[EventType "swiss"]
[EventRounds "9"]
[EventCountry "CAN"]
[SourceTitle "EXT 2022"]
[Source "ChessBase"]
[SourceDate "2021.10.06"]
[SourceVersion "1"]
[SourceVersionDate "2021.10.06"]
[SourceQuality "1"]

1. e4 c5 2. Nf3 Nf6 3. Nc3 e6 4. d3 Nc6 5. g3 d6 6. Bg2 Be7 7. O-O O-O 8. d4 cxd4 9. Nxd4 Qc7 10. h3 Bd7 11. Ndb5 Qb8 12. Ne2 a6 13. Nbd4 Qc7 14. c3 Rfd8 15. Be3 Rab8 16. Qd2 b5 17. Rac1 Bf8 18. f4 e5 19. Nc2 Na5 20. b3 Bc6 21. Nb4 Bxe4 22. Bxe4 Nxe4 23. Qc2 Qb7 24. Nxa6 Rbc8 25. Qd3 d5 26. Nb4 d4 27. cxd4 Rxc1 28. Rxc1 Bxb4 29. fxe5 Nc5 30. Qf5 Ne6 31. Rf1 Qe7 32. Qf3 Qb7 33. Qf5 Nc6 34. Qe4 Qd7 35. Rd1 Ne7 36. g4 Nd5 37. Bf2 Qa7 38. Qc2 Nef4 39. Nxf4 Nxf4 40. Kh2 Qa8 41. Bg3 Qf3 42. d5 Rxd5 43. Rxd5 Nxd5 44. a4 Ne3 45. Qf2 Nf1+ 46. Kg1 Qxg3+ 47. Kxf1 Qxh3+ 48. Qg2 Qxg2+ 49. Kxg2 bxa4 50. bxa4 Kf8 51. Kf3 Ke7 52. Kf4 Ke6 53. Ke4 Bc3 0-1

[Event "Quebec op"]
[Site "Montreal CAN"]
[Date "2012.07.25"]
[Round "6"]
[White "Arencibia Rodriguez, Walter"]
[Black "Kovalyov, Anton"]
[Result "1/2-1/2"]
[WhiteElo "2526"]
[BlackElo "2614"]
[PlyCount "50"]
[GameId "2160767909442091"]
[EventDate "2012.07.21"]
[EventType "swiss"]
[EventRounds "9"]
[EventCountry "CAN"]
[SourceTitle "CBM 149 Extra"]
[Source "ChessBase"]
[SourceDate "2012.08.24"]
[SourceVersion "1"]
[SourceVersionDate "2012.08.24"]
[SourceQuality "1"]

1. d4 Nf6 2. c4 e6 3. Nf3 b6 4. g3 c6 5. Bg2 d5 6. O-O Be7 7. Qc2 O-O 8. b3 Nbd7 9. Rd1 Ba6 10. Nbd2 Rc8 11. e4 c5 12. exd5 exd5 13. Bb2 Re8 14. Rac1 cxd4 15. Nxd4 b5 16. Qf5 bxc4 17. Bxd5 Nxd5 18. Qxd5 Rc5 19. Qg2 cxb3 20. Nc6 Rxc1 21. Rxc1 Qb6 22. Qd5 Nf6 23. Nxe7+ Rxe7 24. Bxf6 gxf6 25. Nxb3 Bb7 1/2-1/2

[Event "Quebec op"]
[Site "Montreal CAN"]
[Date "2012.07.25"]
[Round "6"]
[White "Berube, Antoine"]
[Black "Leveille, Francois"]
[Result "1-0"]
[WhiteElo "2152"]
[BlackElo "2301"]
[PlyCount "139"]
[GameId "2160767909442092"]
[EventDate "2012.07.21"]
[EventType "swiss"]
[EventRounds "9"]
[EventCountry "CAN"]
[SourceTitle "CBM 149 Extra"]
[Source "ChessBase"]
[SourceDate "2012.08.24"]
[SourceVersion "1"]
[SourceVersionDate "2012.08.24"]
[SourceQuality "1"]

1. d4 d5 2. c4 e6 3. Nc3 c6 4. Nf3 Nf6 5. e3 Nbd7 6. Qc2 h6 7. b3 a6 8. Bd3 Bd6 9. O-O O-O 10. e4 e5 11. cxd5 cxd5 12. Nxd5 Nxd5 13. exd5 exd4 14. h3 Ne5 15. Nxd4 Bxh3 16. Bh7+ Kh8 17. Bf5 Bxf5 18. Nxf5 Rc8 19. Qe4 Re8 20. Bb2 f6 21. Rfe1 Qd7 22. Nxd6 Qxd6 23. Rad1 Kg8 24. Qf5 Nf7 25. g3 Rcd8 26. Rxe8+ Rxe8 27. Qg4 Ng5 28. Kg2 Kh7 29. Bc1 g6 30. Qc4 Nf7 31. Bf4 Qd7 32. Qd4 Kg7 33. Bc1 Ng5 34. Bxg5 hxg5 35. d6 Re6 36. Qd5 Re5 37. Qc4 Re8 38. Qc7 Rd8 39. Re1 Kf8 40. Re7 Qxd6 41. Rf7+ Ke8 42. Qxb7 f5 43. Rg7 Qe6 44. Kh2 Kf8 45. Qc7 Re8 46. Rd7 Qf6 47. Qc5+ Re7 48. Kg2 Kf7 49. Rxe7+ Qxe7 50. Qxe7+ Kxe7 51. Kf3 Kd6 52. Ke3 Kc5 53. a3 g4 54. Kd3 g5 55. Kc3 Kd5 56. Kd3 Kc5 57. b4+ Kb5 58. Kc3 Ka4 59. Kb2 f4 60. Ka2 a5 61. bxa5 Kxa5 62. Kb3 Kb5 63. Kc3 Ka4 64. Kd4 Kxa3 65. Ke4 Kb4 66. gxf4 gxf4 67. Kxf4 Kc5 68. Kxg4 Kd6 69. Kf4 Ke6 70. Kg5 1-0

[Event "Quebec op"]
[Site "Montreal CAN"]
[Date "2012.07.25"]
[Round "6"]
[White "Bojkov, Dejan"]
[Black "Hansen, Eric"]
[Result "1-0"]
[WhiteElo "2556"]
[BlackElo "2460"]
[PlyCount "65"]
[GameId "2160767909442093"]
[EventDate "2012.07.21"]
[EventType "swiss"]
[EventRounds "9"]
[EventCountry "CAN"]
[SourceTitle "CBM 149 Extra"]
[Source "ChessBase"]
[SourceDate "2012.08.24"]
[SourceVersion "1"]
[SourceVersionDate "2012.08.24"]
[SourceQuality "1"]

1. e4 c5 2. Nf3 e6 3. d4 cxd4 4. Nxd4 a6 5. c4 Nf6 6. Nc3 Bb4 7. Qd3 Qc7 8. Be2 Nc6 9. O-O Ne5 10. Qg3 O-O 11. Bh6 Ne8 12. Rac1 f6 13. Be3 b6 14. Na4 Be7 15. f4 Ng6 16. Bh5 Bb7 17. Bxg6 hxg6 18. Qxg6 Nd6 19. c5 Nxe4 20. c6 f5 21. cxb7 Qxb7 22. Qh5 b5 23. Nc3 Nd6 24. Qf3 Qb8 25. Rfd1 Nc4 26. b3 Nb6 27. Qf2 b4 28. Nde2 Bd8 29. Na4 Nd5 30. Qf3 Rf7 31. Rxd5 exd5 32. Qxd5 Bf6 33. Nb6 1-0

[Event "Quebec op"]
[Site "Montreal CAN"]
[Date "2012.07.25"]
[Round "6"]
[White "Boudreau, Daniel"]
[Black "Gilbert, Erick"]
[Result "1-0"]
[WhiteElo "1956"]
[BlackElo "1808"]
[PlyCount "105"]
[GameId "2160767909442094"]
[EventDate "2012.07.21"]
[EventType "swiss"]
[EventRounds "9"]
[EventCountry "CAN"]
[SourceTitle "EXT 2022"]
[Source "ChessBase"]
[SourceDate "2021.10.06"]
[SourceVersion "1"]
[SourceVersionDate "2021.10.06"]
[SourceQuality "1"]

1. e4 c5 2. Nf3 g6 3. Bc4 Nc6 4. c3 Bg7 5. d4 cxd4 6. cxd4 Qb6 7. Nc3 Na5 8. Nd5 Qd8 9. Bf4 d6 10. Rc1 Nxc4 11. Rxc4 Bg4 12. Nc7+ Kf8 13. Nxa8 Qxa8 14. O-O b5 15. Rb4 Qxe4 16. Rxb5 Bf6 17. Qd2 Kg7 18. Re1 Qc6 19. Rb3 Be6 20. Ra3 Qb7 21. h4 h5 22. Bg5 Bd5 23. Rc1 Nh6 24. Rac3 Nf5 25. Rc7 Qb6 26. b4 Bxf3 27. Bxf6+ exf6 28. gxf3 Nxh4 29. Qc3 Nf5 30. Qc4 Rf8 31. Rd1 Nh4 32. Rd3 d5 33. Qc5 Qe6 34. Kf1 Re8 35. Re3 Qh3+ 36. Ke2 Qxf3+ 37. Kd3 Rxe3+ 38. fxe3 Qe4+ 39. Kc3 Qxe3+ 40. Kb2 Nf5 41. Qxd5 Qf2+ 42. Kb3 Nxd4+ 43. Ka4 Ne6 44. Qxe6 Qc2+ 45. Rxc2 fxe6 46. Rc7+ Kh6 47. Rxa7 h4 48. Ra6 g5 49. Rxe6 Kg6 50. b5 h3 51. b6 h2 52. Re1 g4 53. b7 1-0

[Event "Quebec op"]
[Site "Montreal CAN"]
[Date "2012.07.25"]
[Round "6"]
[White "Bruzon Batista, Lazaro"]
[Black "Naroditsky, Daniel"]
[Result "1-0"]
[WhiteElo "2711"]
[BlackElo "2486"]
[PlyCount "55"]
[GameId "2160767909442095"]
[EventDate "2012.07.21"]
[EventType "swiss"]
[EventRounds "9"]
[EventCountry "CAN"]
[SourceTitle "CBM 149 Extra"]
[Source "ChessBase"]
[SourceDate "2012.08.24"]
[SourceVersion "1"]
[SourceVersionDate "2012.08.24"]
[SourceQuality "1"]

1. Nf3 Nf6 2. g3 g6 3. Bg2 Bg7 4. O-O O-O 5. d4 d6 6. b3 c5 7. Bb2 cxd4 8. Nxd4 d5 9. c4 dxc4 10. bxc4 Ng4 11. e3 Ne5 12. Qb3 Qb6 13. Nc3 Nbc6 14. Nd5 Qd8 15. Rfd1 Nxd4 16. Bxd4 e6 17. Qc3 exd5 18. Bxe5 Bxe5 19. Qxe5 Re8 20. Qf4 h5 21. Bxd5 Qe7 22. Rab1 Kg7 23. h4 Rd8 24. Rd4 Rd6 25. Re4 Qf6 26. Qxf6+ Rxf6 27. Re7 a5 28. e4 1-0

[Event "Quebec op"]
[Site "Montreal CAN"]
[Date "2012.07.25"]
[Round "6"]
[White "Calugar, Arthur"]
[Black "Piasetski, Leon"]
[Result "0-1"]
[WhiteElo "2273"]
[BlackElo "2290"]
[PlyCount "82"]
[GameId "2160767909442096"]
[EventDate "2012.07.21"]
[EventType "swiss"]
[EventRounds "9"]
[EventCountry "CAN"]
[SourceTitle "CBM 149 Extra"]
[Source "ChessBase"]
[SourceDate "2012.08.24"]
[SourceVersion "1"]
[SourceVersionDate "2012.08.24"]
[SourceQuality "1"]

1. e4 c5 2. Nf3 e6 3. d4 cxd4 4. Nxd4 a6 5. Bd3 Bc5 6. Nb3 Be7 7. Qg4 g6 8. Qe2 d6 9. O-O Nd7 10. Be3 h5 11. f4 Ngf6 12. Bd4 e5 13. Bc3 Qc7 14. N1d2 b5 15. Ba5 Qa7+ 16. Kh1 h4 17. Qf2 Qxf2 18. Rxf2 Nh5 19. fxe5 dxe5 20. c3 Nc5 21. Bc2 Be6 22. Bb4 Na4 23. Bxe7 Kxe7 24. Na5 Nxb2 25. Rb1 Nc4 26. Ndxc4 bxc4 27. Rb7+ Kd6 28. Ba4 Ng3+ 29. Kg1 Nxe4 30. Rb6+ Ke7 31. Nc6+ Kf8 32. Rf1 Kg7 33. Nxe5 Nxc3 34. Bd7 Rhb8 35. Rc6 Bd5 36. Rc7 Rb2 37. Bh3 Ne2+ 38. Kh1 Rab8 39. Nxc4 Rb1 40. Ne3 Rxf1+ 41. Nxf1 Rb1 0-1

[Event "Quebec op"]
[Site "Montreal CAN"]
[Date "2012.07.25"]
[Round "6"]
[White "Casareno, Erwin"]
[Black "Tomb, Maroun"]
[Result "1/2-1/2"]
[WhiteElo "2246"]
[BlackElo "2087"]
[PlyCount "95"]
[GameId "2160767909442097"]
[EventDate "2012.07.21"]
[EventType "swiss"]
[EventRounds "9"]
[EventCountry "CAN"]
[SourceTitle "hb 2012"]

1. e4 c5 2. Nf3 Nc6 3. d4 cxd4 4. Nxd4 g6 5. Nc3 Bg7 6. Be3 Nf6 7. Bc4 O-O 8. O-O Nxe4 9. Bxf7+ Rxf7 10. Nxe4 h6 11. c4 d6 12. Rc1 Qa5 13. a3 Qe5 14. Nxc6 bxc6 15. Nc3 Rb8 16. b4 Be6 17. Re1 Qf5 18. Qe2 Bd7 19. h3 h5 20. Qd2 a5 21. Ne2 axb4 22. axb4 h4 23. Rb1 c5 24. b5 Bc6 25. Nf4 Be4 26. Rb3 Be5 27. Nd3 Bg7 28. Nf4 g5 29. Nh5 g4 30. Nxg7 Rxg7 31. Bh6 Rg6 32. Qf4 Qxf4 33. Bxf4 Bb7 34. Rxe7 gxh3 35. g3 Bg2 36. Ra3 hxg3 37. fxg3 Rg7 38. Bxd6 Rxe7 39. Bxe7 Kf7 40. Re3 Ra8 41. Kh2 Ra2 42. Bxc5 Bf1+ 43. Kh1 Bxc4 44. Rf3+ Kg6 45. Rf2 Ra5 46. Rb2 Bxb5 47. Kh2 Bf1 48. Bg1 1/2-1/2

[Event "Quebec op"]
[Site "Montreal CAN"]
[Date "2012.07.25"]
[Round "6"]
[White "Chiku-Ratte, Olivier-Kenta"]
[Black "Le Duin, Thierry"]
[Result "0-1"]
[WhiteElo "2196"]
[BlackElo "1938"]
[PlyCount "88"]
[GameId "2160767909442098"]
[EventDate "2012.07.21"]
[EventType "swiss"]
[EventRounds "9"]
[EventCountry "CAN"]
[SourceTitle "EXT 2022"]
[Source "ChessBase"]
[SourceDate "2021.10.06"]
[SourceVersion "1"]
[SourceVersionDate "2021.10.06"]
[SourceQuality "1"]

1. d4 Nf6 2. c4 c5 3. d5 b5 4. cxb5 a6 5. b6 Qxb6 6. Nc3 d6 7. a4 g6 8. a5 Qc7 9. e4 Bg7 10. Bc4 O-O 11. f4 Bd7 12. Qd3 Bb5 13. Nf3 Nbd7 14. O-O Bxc4 15. Qxc4 Rab8 16. Ra4 Qa7 17. Kh1 Rb7 18. e5 Ne8 19. Re1 Nc7 20. Ne4 Nb5 21. e6 fxe6 22. Neg5 Nc7 23. Nxe6 Nxe6 24. Rxe6 Bf6 25. f5 Rf7 26. fxg6 hxg6 27. Qc2 Nf8 28. Re2 Kg7 29. Rg4 Rb4 30. Rxb4 cxb4 31. Be3 Bd4 32. Bg5 Bf6 33. Bf4 Qc5 34. Qd2 Nd7 35. h3 Qxa5 36. Bh6+ Kh7 37. Bg5 Ne5 38. Nh4 Qa1+ 39. Re1 Bxg5 40. Qxb4 Rf1+ 41. Rxf1 Qxf1+ 42. Kh2 Bf4+ 43. g3 Qf2+ 44. Kh1 Bxg3 0-1

[Event "Quebec op"]
[Site "Montreal CAN"]
[Date "2012.07.25"]
[Round "6"]
[White "Enkh-Amar, Galbadrakh"]
[Black "Luksza, Arkadiusz"]
[Result "1/2-1/2"]
[WhiteElo "2105"]
[BlackElo "2143"]
[PlyCount "81"]
[GameId "2160767909442099"]
[EventDate "2012.07.21"]
[EventType "swiss"]
[EventRounds "9"]
[EventCountry "CAN"]
[SourceTitle "EXT 2022"]
[Source "ChessBase"]
[SourceDate "2021.10.06"]
[SourceVersion "1"]
[SourceVersionDate "2021.10.06"]
[SourceQuality "1"]

1. e4 e6 2. d4 d5 3. Nc3 Nf6 4. Bg5 Bb4 5. e5 h6 6. Bd2 Bxc3 7. Bxc3 Ne4 8. Ba5 Nc6 9. Bb5 O-O 10. Bxc6 bxc6 11. Ne2 Ba6 12. O-O f6 13. f3 Ng5 14. Bb4 Rf7 15. Re1 Rb8 16. Ba3 c5 17. Nc3 fxe5 18. Rxe5 Qf6 19. Bxc5 Qg6 20. Kh1 Rxb2 21. Rc1 Bc4 22. Ba3 Rb6 23. Bc5 Rb2 24. Ba3 Rb7 25. Qe1 Nxf3 26. gxf3 Rxf3 27. Rxe6 Qg4 28. Re8+ Kh7 29. Qd2 Qh3 30. Rg1 Rxc3 31. Re7 Qf3+ 32. Rg2 Qf1+ 33. Rg1 Qf3+ 34. Rg2 Qf1+ 35. Rg1 Qf3+ 36. Rg2 Rb1+ 37. Bc1 Qf1+ 38. Rg1 Qf3+ 39. Rg2 Qf1+ 40. Rg1 Qf3+ 41. Rg2 1/2-1/2

[Event "Quebec op"]
[Site "Montreal CAN"]
[Date "2012.07.25"]
[Round "6"]
[White "Forget, Luc"]
[Black "Malveau, Cedric"]
[Result "0-1"]
[WhiteElo "2000"]
[BlackElo "1951"]
[PlyCount "76"]
[GameId "2160767909442100"]
[EventDate "2012.07.21"]
[EventType "swiss"]
[EventRounds "9"]
[EventCountry "CAN"]
[SourceTitle "hb 2012"]

1. d4 d5 2. c4 c6 3. Nf3 Nf6 4. g3 e6 5. Bg2 Be7 6. O-O O-O 7. Nc3 Nbd7 8. Bg5 b6 9. Re1 Bb7 10. Rc1 Rc8 11. Bxf6 Nxf6 12. a3 c5 13. dxc5 Rxc5 14. cxd5 Nxd5 15. Ne4 Rc7 16. Qd3 h6 17. Nc3 Nxc3 18. Rxc3 Rxc3 19. Qxc3 Bf6 20. Qc2 Qe7 21. Nd2 Rc8 22. Qb1 Bxg2 23. Kxg2 Qc7 24. b3 b5 25. Nf3 Qc2 26. Qxc2 Rxc2 27. Rd1 Ra2 28. e4 Rxa3 29. e5 Be7 30. Rd7 Bc5 31. Rd8+ Kh7 32. Rc8 Bb6 33. Rf8 Ra2 34. Rxf7 Rxf2+ 35. Kh3 Kg8 36. Rf4 g5 37. Rf6 Bd8 38. Rxe6 Rxf3 0-1

[Event "Quebec op"]
[Site "Montreal CAN"]
[Date "2012.07.25"]
[Round "6"]
[White "Gauthier, Denis"]
[Black "Gedajlovic, Max"]
[Result "1-0"]
[WhiteElo "1987"]
[BlackElo "1817"]
[PlyCount "83"]
[GameId "2160767909442101"]
[EventDate "2012.07.21"]
[EventType "swiss"]
[EventRounds "9"]
[EventCountry "CAN"]
[SourceTitle "EXT 2022"]
[Source "ChessBase"]
[SourceDate "2021.10.06"]
[SourceVersion "1"]
[SourceVersionDate "2021.10.06"]
[SourceQuality "1"]

1. d4 Nf6 2. c4 g6 3. Nc3 Bg7 4. e4 d6 5. Bd3 Nc6 6. Nge2 e5 7. d5 Nd4 8. Nxd4 exd4 9. Nb5 O-O 10. O-O Qe7 11. Re1 Re8 12. Bg5 a6 13. Nxd4 Qe5 14. Nf3 Qxb2 15. h3 Nd7 16. Qa4 b5 17. Qa5 Qc3 18. Qxc7 Qxd3 19. Rad1 Qxc4 20. Qxd6 Qc5 21. Qg3 Bb7 22. Rc1 Qb6 23. Be3 Qd8 24. Bf4 Nf6 25. Bc7 Nxe4 26. Bxd8 Nxg3 27. Rxe8+ Bf8 28. fxg3 Bxd5 29. Rce1 Bc6 30. Rxf8+ Kxf8 31. Ba5 Bd5 32. a3 Rc8 33. Rd1 Bxf3 34. gxf3 Rc4 35. Rd6 Ke8 36. Bb4 Rc1+ 37. Kf2 Rc2+ 38. Ke3 Rh2 39. h4 Rh3 40. Kf4 h6 41. Rxa6 f5 42. Rxg6 1-0

[Event "Quebec op"]
[Site "Montreal CAN"]
[Date "2012.07.25"]
[Round "6"]
[White "Gelet, Seymour"]
[Black "Gagnon, Serge"]
[Result "1/2-1/2"]
[WhiteElo "2009"]
[BlackElo "2027"]
[PlyCount "83"]
[GameId "2160767909442102"]
[EventDate "2012.07.21"]
[EventType "swiss"]
[EventRounds "9"]
[EventCountry "CAN"]
[SourceTitle "hb 2012"]

1. d4 d6 2. e4 Nf6 3. Nc3 g6 4. Be3 Bg7 5. Qd2 c6 6. f3 b5 7. Bd3 b4 8. Nd1 a5 9. a3 bxa3 10. Rxa3 O-O 11. Ne2 Qc7 12. Ng3 Nbd7 13. c4 e5 14. d5 Nc5 15. h4 h5 16. Nc3 cxd5 17. Nxd5 Nxd5 18. cxd5 Nxd3+ 19. Rxd3 Bd7 20. Ne2 a4 21. Ra3 Rab8 22. O-O Bf6 23. Bf2 Qb7 24. Ra2 Bd8 25. Nc3 Qb3 26. Rfa1 Ba5 27. Be1 Bb4 28. Qd1 Qc4 29. Qe2 Bc5+ 30. Kh2 Qd4 31. Bd2 Rb3 32. Qe1 Bb4 33. Rc1 Qd3 34. Nb1 Rb8 35. Bxb4 R8xb4 36. Rc3 Qb5 37. Rxb3 Rxb3 38. Nc3 Qb4 39. Qa1 Qd4 40. Qg1 Qd2 41. Qa7 Be8 42. Qe7 1/2-1/2

[Event "Quebec op"]
[Site "Montreal CAN"]
[Date "2012.07.25"]
[Round "6"]
[White "Goldner, John"]
[Black "Yu, Zong Yang"]
[Result "1-0"]
[WhiteElo "1667"]
[BlackElo "1943"]
[PlyCount "75"]
[GameId "2160767909442103"]
[EventDate "2012.07.21"]
[EventType "swiss"]
[EventRounds "9"]
[EventCountry "CAN"]
[SourceTitle "hb 2012"]

1. e4 c5 2. Nf3 d6 3. d4 cxd4 4. Nxd4 Nf6 5. Nc3 g6 6. Be2 Bg7 7. O-O O-O 8. Be3 Nc6 9. Nb3 a5 10. a4 Be6 11. Nd4 Nxd4 12. Bxd4 Rc8 13. Bf3 Bc4 14. Re1 Nd7 15. Bxg7 Kxg7 16. Bg4 Rc6 17. Bxd7 Qxd7 18. b3 Be6 19. Nb5 Rcc8 20. c4 Qd8 21. Qd4+ Kg8 22. Rad1 f6 23. Qe3 Bd7 24. Nd4 e5 25. Ne2 Be6 26. Nc3 Rc6 27. Nd5 f5 28. exf5 gxf5 29. f4 Qh4 30. g3 Qd8 31. fxe5 dxe5 32. Qxe5 Rf7 33. Kg2 Qg5 34. Nf4 Re7 35. Rd8+ Kf7 36. Qh8 Qh6 37. Qg8+ Kf6 38. Rf8+ 1-0

[Event "Quebec op"]
[Site "Montreal CAN"]
[Date "2012.07.25"]
[Round "6"]
[White "Greeff, Melissa"]
[Black "Humphreys, Michael"]
[Result "1-0"]
[WhiteElo "2091"]
[BlackElo "2179"]
[PlyCount "65"]
[GameId "2160767909442104"]
[EventDate "2012.07.21"]
[EventType "swiss"]
[EventRounds "9"]
[EventCountry "CAN"]
[SourceTitle "CBM 149 Extra"]
[Source "ChessBase"]
[SourceDate "2012.08.24"]
[SourceVersion "1"]
[SourceVersionDate "2012.08.24"]
[SourceQuality "1"]

1. e4 c6 2. d4 d5 3. exd5 cxd5 4. c4 Nf6 5. Nc3 Nc6 6. Bg5 e6 7. Nf3 Be7 8. a3 O-O 9. c5 Ne4 10. Bxe7 Nxe7 11. Qc2 f5 12. Ne5 Nc6 13. Nxc6 bxc6 14. O-O-O Qh4 15. g3 Qh5 16. Bg2 Nxc3 17. Qxc3 f4 18. Rde1 Qg6 19. Qd2 Rb8 20. Bf1 fxg3 21. hxg3 Rf3 22. Re3 Rb3 23. Rxb3 Rxb3 24. Be2 e5 25. dxe5 Qe4 26. Rh4 Qxe5 27. Qc2 Qg5+ 28. Kd1 Rb8 29. Qxh7+ Kf8 30. Rf4+ Ke7 31. Qg8 Qg6 32. Qf8+ Ke6 33. Qd6# 1-0

[Event "Quebec op"]
[Site "Montreal CAN"]
[Date "2012.07.25"]
[Round "6"]
[White "He, Shao Hang"]
[Black "Munshi, Shawkat"]
[Result "1-0"]
[WhiteElo "1607"]
[BlackElo "1678"]
[PlyCount "118"]
[GameId "2160767909442105"]
[EventDate "2012.07.21"]
[EventType "swiss"]
[EventRounds "9"]
[EventCountry "CAN"]
[SourceTitle "EXT 2022"]
[Source "ChessBase"]
[SourceDate "2021.10.06"]
[SourceVersion "1"]
[SourceVersionDate "2021.10.06"]
[SourceQuality "1"]

1. d4 Nf6 2. c4 e6 3. Nf3 b6 4. Bg5 Be7 5. e3 Bb7 6. Bd3 d6 7. O-O Nbd7 8. Nc3 O-O 9. Nd2 h6 10. Bh4 c5 11. Qc2 Rc8 12. Rac1 a6 13. Nce4 cxd4 14. exd4 Nxe4 15. Bxe7 Qxe7 16. Bxe4 Bxe4 17. Nxe4 d5 18. Nd2 dxc4 19. Qa4 Ra8 20. Qxc4 Nf6 21. Rfe1 Rfc8 22. Qxc8+ Rxc8 23. Rxc8+ Kh7 24. Nf3 Qb4 25. Re2 Nd5 26. Rec2 g5 27. h3 Kg7 28. Ra8 Qe7 29. Rcc8 Nf6 30. Rxa6 Qb7 31. Raa8 Nd5 32. Rf8 Qc7 33. Rac8 Qf4 34. Ne5 Ne7 35. Rxf7+ Qxf7 36. Nxf7 Nxc8 37. Ne5 Ne7 38. Nd7 Nd5 39. Kf1 Kg6 40. g3 Kf5 41. Ne5 h5 42. Ke2 Ke4 43. Nc6 g4 44. hxg4 hxg4 45. a3 Nc7 46. Ne5 Nb5 47. Nxg4 Nxd4+ 48. Kf1 b5 49. Ne3 Kd3 50. g4 Ke4 51. g5 Nf5 52. Nxf5 Kxf5 53. f4 e5 54. fxe5 Kxg5 55. Ke2 Kf5 56. Kd3 Kxe5 57. Kc3 Kd5 58. Kb4 Kc6 59. Ka5 Kc5 1-0